MEDICAL SURGICAL NURSING (SOLVED QUESTIONS FOR UG NURSES) (Record no. 21910)

MARC details
000 -LEADER
fixed length control field 00401nam a22001577a 4500
003 - CONTROL NUMBER IDENTIFIER
control field SGT
020 ## - INTERNATIONAL STANDARD BOOK NUMBER
International Standard Book Number 9788180618567
082 ## - DEWEY DECIMAL CLASSIFICATION NUMBER
Classification number 610.7367
Item number M10V
100 ## - MAIN ENTRY--PERSONAL NAME
Personal name VENKATESH, G. VIJAYLAKSHMI
245 ## - TITLE STATEMENT
Title MEDICAL SURGICAL NURSING (SOLVED QUESTIONS FOR UG NURSES)
250 ## - EDITION STATEMENT
Edition statement 1ST
260 ## - PUBLICATION, DISTRIBUTION, ETC. (IMPRINT)
Place of publication, distribution, etc INDIA
Name of publisher, distributor, etc JAYPEE PUB
Year of Publication 2010
300 ## - PAGE DESCRIPTION
No. of Pages 243
650 ## - SUBJECT ADDED ENTRY--TOPICAL TERM
Topical term or geographic name as entry element MEDICAL SURGICAL NURSING
942 ## - ADDED ENTRY ELEMENTS (KOHA)
Source of classification or shelving scheme Dewey Decimal Classification
Koha item type Books
942 ## - ADDED ENTRY ELEMENTS (KOHA)
-- 21
Holdings
Withdrawn status Lost status Source of classification or shelving scheme Damaged status Not for loan Collection code Home library Current library Shelving location Date acquired Vendor Name Cost, normal purchase price SGTU Bill Number Total Checkouts Full call number Accession No. (Barcode) Date last seen Date last borrowed Bill Date Koha item type Checked out Total Renewals
    Dewey Decimal Classification     NURSING SGT Medical Library SGT Medical Library Text Book 01/10/2021 JAYPEE PUB 395.00 SGTU N5/INV/-1/21-00076 3 610.7367 M10V FN4346 20/05/2024 04/05/2024   Books    
    Dewey Decimal Classification     NURSING SGT Medical Library SGT Medical Library Text Book 01/10/2021 JAYPEE PUB 395.00 SGTU N5/INV/-1/21-00076 3 610.7367 M10V FN4347 13/05/2026 13/05/2026   Books 27/05/2026  
    Dewey Decimal Classification     NURSING SGT Medical Library SGT Medical Library Text Book 01/10/2021 JAYPEE PUB 395.00 SGTU N5/INV/-1/21-00076 7 610.7367 M10V FN4348 20/05/2025 20/05/2025   Books   1
    Dewey Decimal Classification     NURSING SGT Medical Library SGT Medical Library Text Book 01/10/2021 JAYPEE PUB 395.00 SGTU N5/INV/-1/21-00076 13 610.7367 M10V FN4349 22/05/2026 22/05/2026   Books   1
    Dewey Decimal Classification     NURSING SGT Medical Library SGT Medical Library Text Book 01/10/2021 JAYPEE PUB 395.00 SGTU N5/INV/-1/21-00076 1 610.7367 M10V FN4350 22/05/2026 22/05/2026   Books